<?xml version="1.0" encoding="UTF-8"?>
<record
    xmlns:xsi="http://www.w3.org/2001/XMLSchema-instance"
    xsi:schemaLocation="http://www.loc.gov/MARC21/slim http://www.loc.gov/standards/marcxml/schema/MARC21slim.xsd"
    xmlns="http://www.loc.gov/MARC21/slim">

  <leader>01969nam0a22003131  4500</leader>
  <controlfield tag="001">rc\181158</controlfield>
  <controlfield tag="005">20260407070407.0</controlfield>
  <datafield tag="035" ind1=" " ind2=" ">
    <subfield code="a">(NLR Aleph) 005440498</subfield>
  </datafield>
  <datafield tag="090" ind1=" " ind2=" ">
    <subfield code="a">4752198</subfield>
    <subfield code="c">4752198</subfield>
  </datafield>
  <datafield tag="100" ind1=" " ind2=" ">
    <subfield code="a">20030307d1996    |||y0rusy50      ca</subfield>
  </datafield>
  <datafield tag="101" ind1="0" ind2=" ">
    <subfield code="a">rus</subfield>
  </datafield>
  <datafield tag="102" ind1=" " ind2=" ">
    <subfield code="a">RU</subfield>
  </datafield>
  <datafield tag="105" ind1=" " ind2=" ">
    <subfield code="a">ac  z|||||||b</subfield>
  </datafield>
  <datafield tag="200" ind1="1" ind2=" ">
    <subfield code="a">&#x410;&#x43A;&#x430;&#x434;&#x435;&#x43C;&#x438;&#x43A; &#x421;&#x430;&#x43C;&#x441;&#x43E;&#x43D; &#x421;&#x435;&#x43C;&#x435;&#x43D;&#x43E;&#x432;&#x438;&#x447; &#x41A;&#x443;&#x442;&#x430;&#x442;&#x435;&#x43B;&#x430;&#x434;&#x437;&#x435;</subfield>
    <subfield code="e">&#x412;&#x43E;&#x441;&#x43F;&#x43E;&#x43C;&#x438;&#x43D;&#x430;&#x43D;&#x438;&#x44F;. &#x418;&#x437; &#x43D;&#x435;&#x43E;&#x43F;&#x443;&#x431;&#x43B;&#x438;&#x43A;&#x43E;&#x432;&#x430;&#x43D;&#x43D;&#x44B;&#x445; &#x440;&#x430;&#x431;&#x43E;&#x442;</subfield>
    <subfield code="f">&#x410;&#x41E; &#x43E;&#x442;&#x43A;&#x440;&#x44B;&#x442;&#x43E;&#x433;&#x43E; &#x442;&#x438;&#x43F;&#x430; "&#x41D;&#x430;&#x443;&#x447;.-&#x43F;&#x440;&#x43E;&#x438;&#x437;&#x432;. &#x43E;&#x431;-&#x43D;&#x438;&#x435; &#x43F;&#x43E; &#x438;&#x441;&#x441;&#x43B;&#x435;&#x434;. &#x438; &#x43F;&#x440;&#x43E;&#x435;&#x43A;&#x442;&#x438;&#x440;&#x43E;&#x432;&#x430;&#x43D;&#x438;&#x44E; &#x44D;&#x43D;&#x435;&#x440;&#x433;. &#x43E;&#x431;&#x43E;&#x440;&#x443;&#x434;. &#x438;&#x43C;. &#x418;.&#x418;. &#x41F;&#x43E;&#x43B;&#x437;&#x443;&#x43D;&#x43E;&#x432;&#x430;" (&#x410;&#x41E;&#x41E;&#x422; "&#x41D;&#x41F;&#x41E; &#x426;&#x41A;&#x422;&#x418;), &#x418;&#x43D;-&#x442; &#x442;&#x435;&#x43F;&#x43B;&#x43E;&#x444;&#x438;&#x437;&#x438;&#x43A;&#x438; &#x421;&#x438;&#x431;. &#x43E;&#x442;&#x434;-&#x43D;&#x438;&#x44F; &#x420;&#x43E;&#x441;. &#x430;&#x43A;&#x430;&#x434;. &#x43D;&#x430;&#x443;&#x43A; (&#x418;&#x422;&#x424; &#x421;&#x41E; &#x420;&#x410;&#x41D;)</subfield>
    <subfield code="g">[&#x440;&#x435;&#x434;&#x43A;&#x43E;&#x43B;.: &#x430;&#x43A;&#x430;&#x434;. &#x420;&#x410;&#x41D; &#x412;.&#x415;. &#x41D;&#x430;&#x43A;&#x43E;&#x440;&#x44F;&#x43A;&#x43E;&#x432; &#x438; &#x434;&#x440;.]</subfield>
  </datafield>
  <datafield tag="210" ind1=" " ind2=" ">
    <subfield code="a">&#x421;&#x430;&#x43D;&#x43A;&#x442;-&#x41F;&#x435;&#x442;&#x435;&#x440;&#x431;&#x443;&#x440;&#x433;</subfield>
    <subfield code="c">&#x41D;&#x41F;&#x41E; &#x426;&#x41A;&#x422;&#x418;</subfield>
    <subfield code="d">1996</subfield>
  </datafield>
  <datafield tag="215" ind1=" " ind2=" ">
    <subfield code="a">176 &#x441;., [7] &#x43B;. &#x438;&#x43B;., &#x43F;&#x43E;&#x440;&#x442;&#x440;.</subfield>
    <subfield code="d">21</subfield>
  </datafield>
  <datafield tag="320" ind1=" " ind2=" ">
    <subfield code="a">&#x411;&#x438;&#x431;&#x43B;&#x438;&#x43E;&#x433;&#x440;.: &#x441;. 92, 161-167</subfield>
  </datafield>
  <datafield tag="540" ind1="1" ind2=" ">
    <subfield code="a">&#x41A;&#x443;&#x442;&#x430;&#x442;&#x435;&#x43B;&#x430;&#x434;&#x437;&#x435; &#x421;&#x430;&#x43C;&#x441;&#x43E;&#x43D; &#x421;&#x435;&#x43C;&#x435;&#x43D;&#x43E;&#x432;&#x438;&#x447;, &#x430;&#x43A;&#x430;&#x434;&#x435;&#x43C;&#x438;&#x43A;</subfield>
  </datafield>
  <datafield tag="600" ind1=" " ind2="1">
    <subfield code="a">&#x41A;&#x443;&#x442;&#x430;&#x442;&#x435;&#x43B;&#x430;&#x434;&#x437;&#x435;</subfield>
    <subfield code="b">&#x421;.&#x421;.</subfield>
    <subfield code="f">1914 - 1986</subfield>
    <subfield code="g">&#x421;&#x430;&#x43C;&#x441;&#x43E;&#x43D; &#x421;&#x435;&#x43C;&#x435;&#x43D;&#x43E;&#x432;&#x438;&#x447;</subfield>
    <subfield code="9">2083922</subfield>
    <subfield code="3">RU\NLR\AUTH\661259996</subfield>
  </datafield>
  <datafield tag="686" ind1="1" ind2=" ">
    <subfield code="a">&#x437;31&#x434;</subfield>
  </datafield>
  <datafield tag="702" ind1=" " ind2="1">
    <subfield code="a">&#x41D;&#x430;&#x43A;&#x43E;&#x440;&#x44F;&#x43A;&#x43E;&#x432;</subfield>
    <subfield code="b">&#x412;. &#x415;.</subfield>
    <subfield code="f">1935-</subfield>
    <subfield code="g">&#x412;&#x43B;&#x430;&#x434;&#x438;&#x43C;&#x438;&#x440; &#x415;&#x43B;&#x438;&#x444;&#x435;&#x440;&#x44C;&#x435;&#x432;&#x438;&#x447;</subfield>
    <subfield code="4">340</subfield>
  </datafield>
  <datafield tag="702" ind1=" " ind2="1">
    <subfield code="4">570</subfield>
    <subfield code="8">rus</subfield>
    <subfield code="7">ca</subfield>
    <subfield code="a">&#x41A;&#x443;&#x442;&#x430;&#x442;&#x435;&#x43B;&#x430;&#x434;&#x437;&#x435;</subfield>
    <subfield code="b">&#x421;. &#x421;.</subfield>
    <subfield code="c">&#x434;-&#x440; &#x444;&#x438;&#x437;.-&#x43C;&#x430;&#x442;. &#x43D;&#x430;&#x443;&#x43A;, &#x444;&#x438;&#x437;&#x438;&#x43A;</subfield>
    <subfield code="f">1914-1986</subfield>
    <subfield code="g">&#x421;&#x430;&#x43C;&#x441;&#x43E;&#x43D; &#x421;&#x435;&#x43C;&#x435;&#x43D;&#x43E;&#x432;&#x438;&#x447;</subfield>
    <subfield code="3">RU\NLR\AUTH\77102489</subfield>
    <subfield code="9">85415</subfield>
  </datafield>
  <datafield tag="712" ind1="0" ind2="2">
    <subfield code="4">475</subfield>
    <subfield code="a">&#x41D;&#x430;&#x443;&#x447;&#x43D;&#x43E;-&#x43F;&#x440;&#x43E;&#x438;&#x437;&#x432;&#x43E;&#x434;&#x441;&#x442;&#x432;&#x435;&#x43D;&#x43D;&#x43E;&#x435; &#x43E;&#x431;&#x44A;&#x435;&#x434;&#x438;&#x43D;&#x435;&#x43D;&#x438;&#x435; &#x43F;&#x43E; &#x438;&#x441;&#x441;&#x43B;&#x435;&#x434;&#x43E;&#x432;&#x430;&#x43D;&#x438;&#x44E; &#x438; &#x43F;&#x440;&#x43E;&#x435;&#x43A;&#x442;&#x438;&#x440;&#x43E;&#x432;&#x430;&#x43D;&#x438;&#x44E; &#x44D;&#x43D;&#x435;&#x440;&#x433;&#x435;&#x442;&#x438;&#x447;&#x435;&#x441;&#x43A;&#x43E;&#x433;&#x43E; &#x43E;&#x431;&#x43E;&#x440;&#x443;&#x434;&#x43E;&#x432;&#x430;&#x43D;&#x438;&#x44F; &#x438;&#x43C;. &#x418;. &#x418;. &#x41F;&#x43E;&#x43B;&#x437;&#x443;&#x43D;&#x43E;&#x432;&#x430;</subfield>
    <subfield code="c">&#x421;&#x430;&#x43D;&#x43A;&#x442;-&#x41F;&#x435;&#x442;&#x435;&#x440;&#x431;&#x443;&#x440;&#x433;</subfield>
    <subfield code="3">RU\NLR\AUTH\8810033893</subfield>
    <subfield code="9">566253</subfield>
  </datafield>
  <datafield tag="801" ind1=" " ind2="0">
    <subfield code="a">RU</subfield>
    <subfield code="b">NLR</subfield>
    <subfield code="g">psbo</subfield>
  </datafield>
  <datafield tag="801" ind1=" " ind2="1">
    <subfield code="a">RU</subfield>
    <subfield code="b">ELAR</subfield>
    <subfield code="2">rusmarc</subfield>
  </datafield>
  <datafield tag="852" ind1=" " ind2=" ">
    <subfield code="a">NLR</subfield>
    <subfield code="j">97-3/5097</subfield>
  </datafield>
  <datafield tag="942" ind1=" " ind2=" ">
    <subfield code="c">BOOK</subfield>
  </datafield>
  <datafield tag="980" ind1=" " ind2=" ">
    <subfield code="a">NB</subfield>
  </datafield>
  <datafield tag="995" ind1=" " ind2=" ">
    <subfield code="5">2013-10-26</subfield>
    <subfield code="b">NLR01</subfield>
    <subfield code="c">NLR01</subfield>
    <subfield code="e">RF8</subfield>
    <subfield code="f">1-4425862</subfield>
    <subfield code="k">97-3/5097</subfield>
    <subfield code="o">0</subfield>
    <subfield code="r">BOOK</subfield>
    <subfield code="s">9735097_</subfield>
  </datafield>
</record>
